| 000 | 00000nam##2200000za#4500 |
| 001 | 9.669953 |
| 003 | CaOODSP |
| 005 | 20210615125151 |
| 007 | ta |
| 008 | 150407|2008||||xxc||||| f|0| 0 eng|d |
| 020 | |a978-0-662-05577-8 |
| 040 | |aCaOODSP|beng |
| 041 | |aeng |
| 041 | |afre |
| 043 | |an-cn--- |
| 086 | 1 |aIu44-62/2008 |
| 110 | 1 |aCanada.|bIndustry Canada. |bIndustry Sector. |
| 245 | 12|aA Canadian approach to the apparel global value chain / |cPrepared for Industry Canada by Milstein & Co Consulting Inc. |
| 260 | |aOttawa - Ontario : |bIndustry Canada. |cMarch 2008. |
| 300 | |aEnglish text, 28p. : |bgraphs, tables ; |c28 cm. |
| 520 | 3 |aThis report examines the state of the Canadian apparel industry as it relates to Global Value Chains, including the industry’s ability to adapt to change to date, its opportunities, examples of success stories and challenges. |
| 563 | |aSpiral binding |
| 590 | |a08-16|b2008-04-18 |
| 690 | 07|aClothing industry|2gcpds |
| 710 | 2 |aMilstein & Co Consulting Inc. |
| 776 | 0#|tApproche canadienne à l'égard de la chaîne de valeur mondiale du secteur du vêtement / |w(CaOODSP)9.637043 |
| 776 | 0#|tA Canadian approach to the apparel global value chain / |w(CaOODSP)9.692833 |
| 792 | |tApproche canadienne à l'égard de la chaîne de valeur mondiale du secteur du vêtement / |efre|w(CaOODSP)9.669954 |
| 986 | |aIC #: 60448 |